000 00290nam a22001337a 4500
008 170207b xxu||||| |||| 00| 0 eng d
020 _a9781401841089
041 _aeng
080 _26ED
_a61
100 _a4
101 _aSHM
245 _aMEDICAL CENTER
_cPATRICIA IRELAN
942 _2udc
_cBK
999 _c4837
_d4837